WSL & WSL2 Teams 2025-26 - Statistics

General Stats
  • This quiz has been taken 78 times
  • The average score is 18 of 24
Answer Stats
Answer % Correct
Manchester City
98%
Manchester United
98%
Arsenal
96%
Chelsea
96%
Liverpool
95%
Aston Villa
93%
West Ham
91%
London City Lionesses
89%
Tottenham Hotspur
88%
Brighton
82%
Everton
82%
Leicester
79%
Crystal Palace
77%
Bristol City
75%
Birmingham City
67%
Newcastle United
67%
Charlton Athletic
56%
Nottingham Forest
56%
Sunderland
54%
Durham
46%
Ipswich Town
46%
Portsmouth
46%
Southampton
46%
Sheffield United
40%
No matching quizzes found
Score Distribution
Percent of People with Each Score
Percentile by Number Answered
Your Score History
You have not taken this quiz